| 000 | 005770000a22001930004500 | ||
|---|---|---|---|
| 020 | _a99922-43-09-0 | ||
| 041 | 0 | _aSPA | |
| 082 | 0 | 4 | _aG 266 E746t |
| 100 | 1 | _aEscobar, Samuel (1934-) | |
| 245 | 1 | 0 | _aTiempo de misión : América Latina y la misión cristiana hoy / Samuel Escobar |
| 260 | _aBogotá, Colombia., : CLARA | ||
| 300 | _a158 Pag | ||
| 650 | 1 | 4 | _aMISIONES - AMERICA LATINA \ AMERICA LATINA - IGLESIA - HISTORIA |
| 001 | 7252 | ||
| 942 | _cBK | ||
| 999 |
_c37469 _d37469 |
||
| 336 |
_atexto _btxt _2rdacontent |
||
| 337 |
_2rdamedia _asin mediación _bn |
||
| 338 |
_2rdacarrier _avolumen _bnc |
||